Frauds, myths, and mysteries : science and pseudoscience in archaeology

Ancient astronauts? Atlantis? Psychic archaeology? Pharaoh’s curses? Committed to the scientific investigation of human antiquity, this indispensable supplementary text uses interesting archaeological hoaxes, myths, and mysteries to show how we can truly know things about the past through science. T...

Descrición completa

Gardado en:
Detalles Bibliográficos
Autor Principal: Feder, Kenneth L.
Formato: Libro
Idioma:Undetermined
Publicado: New York McGraw-Hill 2006.
Những chủ đề:
Các nhãn: Engadir etiqueta
Sen Etiquetas, Sexa o primeiro en etiquetar este rexistro!
Thư viện lưu trữ: Trung tâm Học liệu Trường Đại học Cần Thơ
LEADER 01146nam a2200217Ia 4500
001 CTU_138040
008 210402s9999 xx 000 0 und d
020 |c 48.75 
082 |a 930.1 
082 |b F293 
100 |a Feder, Kenneth L. 
245 0 |a Frauds, myths, and mysteries : 
245 0 |b science and pseudoscience in archaeology 
245 0 |c Kenneth L. Feder. 
260 |a New York 
260 |b McGraw-Hill 
260 |c 2006. 
520 |a Ancient astronauts? Atlantis? Psychic archaeology? Pharaoh’s curses? Committed to the scientific investigation of human antiquity, this indispensable supplementary text uses interesting archaeological hoaxes, myths, and mysteries to show how we can truly know things about the past through science. The text presents examples of fantastic findings, and carefully, logically, and entertainingly describes the flaws in the purported evidence for each fantastic claim; readers can hone their own evaluative skills by example. 
650 |a Forgery of antiquities,Archaeology,Khảo cổ học 
904 |i Nguyễn Kim Chung 
980 |a Trung tâm Học liệu Trường Đại học Cần Thơ